Statistics for Hunger Games Deaths

Click here to take the quiz!

General Stats

  • This quiz has been taken 191 times
  • The average score is 15 of 23

Answer Stats

ClueAnswer% Correct
Young ally of Katniss, had a javelin in the stomach.Rue
100%
Mauled by the dog mutts but finished off by Katniss.Cato
96%
Older district 11, killer Cato.Thresh
94%
Stung to death by tracker jackers.Glimmer
92%
Had her head thwacked against the cornucopia by Thresh.Clove
91%
Elderly tribute that walked into the poisonous fog.Mags
90%
Shot in the neck with an arrow, killer Katniss.Marvel
87%
Had her throat slit by Gloss.Wiress
77%
District 2, killed by Peeta.Brutus
69%
Eaten by the lizard mutts.Finnick
69%
Executed in the capitol, peeta's stylist.Portia
67%
Beaten to death by peacekeepers.Cinna
62%
Blown up in the capitolPrim
61%
Hanged by President Snow after he let Katniss and Peeta win the 74th games.Seneca Crane
61%
Had his legs blown off then died from his injuries.Boggs
60%
Killed in the bombing of district 12 along with her family.Madge
58%
Had an axe to the chest by Johanna.Cashmere
58%
Shot by an arrow from Katniss in the 75th hunger games.Gloss
57%
Steps on a pod then receives a poison dart to the headLeeg 2
42%
Killed in the meat grinder. Sister to ^Leeg 1
41%
Decapitated by the meat grinder.Jackson
29%
Flesh melted of in the capitol.Messalla
27%
Kicked into a barbed net trap by a maniacal PeetaHomes
22%

Score Distribution

Percentile by Number Answered

Percent of People with Each Score

Your Score History

You have not taken this quiz